Land vs. Land #112 - Statistiken

Allgemein
  • Dieses Quiz wurde 20 mal gespielt
  • Das Durchschnittsergebnis liegt bei 10 aus 14
Antwortstatistiken
Frage Antwort % Korrekt
...Bruttoinlandsprodukt pro Kopf? Monaco🇲🇨
100%
...Gesundheitswesen? Monaco🇲🇨
100%
...Fläche? Republik Kongo🇨🇬
100%
...Einwohner? Republik Kongo🇨🇬
100%
...Lebenserwartung? Monaco🇲🇨
94%
...durchschnittlicher IQ? Monaco🇲🇨
94%
...Tourismus? Monaco🇲🇨
89%
...Militär? Republik Kongo🇨🇬
89%
...Exportmengen? Republik Kongo🇨🇬
83%
...Happy Planet Index? Monaco🇲🇨
78%
...Bruttoinlandsprodukt? Republik Kongo🇨🇬
50%
...Frieden? Republik Kongo🇨🇬
6%
...Gewinner? Republik Kongo🇨🇬
6%
...HDI (Human Development Index)? Republik Kongo🇨🇬
0%
Keine übereinstimmenden Quizze gefunden
Verteilung der Resultate
Anzahl Personen mit jedem Resultat
Perzentil nach korrekt beantworteten Fragen
Ihre Resultats-Entwicklung
Sie haben dieses Quiz noch nicht gespielt